Library Banner

Our president Ho chi minh (Record no. 82630)

MARC details
000 -LEADER
fixed length control field 00325nam a22001337a 4500
005 - DATE AND TIME OF LATEST TRANSACTION
control field 20160204115706.0
008 - FIXED-LENGTH DATA ELEMENTS--GENERAL INFORMATION
fixed length control field 160204b xxu||||| |||| 00| 0 eng d
040 ## - CATALOGING SOURCE
Transcribing agency PK-LaUMT
082 ## - DEWEY DECIMAL CLASSIFICATION NUMBER
Classification number AMC 959.7
Item number OUR-
245 ## - TITLE STATEMENT
Title Our president Ho chi minh
260 ## - PUBLICATION, DISTRIBUTION, ETC. (IMPRINT)
Place of publication, distribution, etc Hanoi
Name of publisher, distributor, etc Foreign languages
Date of publication, distribution, etc 1970
300 ## - PHYSICAL DESCRIPTION
Extent 207 p.
942 ## - ADDED ENTRY ELEMENTS (KOHA)
Koha item type Books
Holdings
Withdrawn status Lost status Damaged status Home library Current library Date acquired Full call number Barcode Date last seen Price effective from Koha item type
      UMT Main Campus UMT Main Campus 2016-02-04 AMC 959.7 OUR- 85390 2016-02-04 2016-02-04 Books